Исследование кинетики процессов электрорастворения металлов со стационарных электродов ограниченного объема, осложненных особенностями состояния металла в глубине и на поверхности электрода: автореферат диссертации на соискание ученой степени кандидата химических наук; спец. 02.00.04

Λεπτομέρειες βιβλιογραφικής εγγραφής
Κύριος συγγραφέας: Згадова В. А. Валентина Александровна
Συγγραφή απο Οργανισμό/Αρχή: Томский государственный университет
Άλλοι συγγραφείς: Стромберг А. Г. Армин Генрихович (научный руководитель)
Περίληψη:Защита сост. 2.02.1979 г.
Γλώσσα:Ρωσικά
Έκδοση: Томск, [Б. и.], 1978
Θέματα:
Μορφή: Βιβλίο
KOHA link:https://koha.lib.tpu.ru/cgi-bin/koha/opac-detail.pl?biblionumber=336232

MARC

LEADER 00000nam0a2200000 4500
001 336232
005 20250225063228.0
035 |a (RuTPU)RU\TPU\book\362648 
090 |a 336232 
100 |a 20171011d1978 k y0rusy50 ca 
101 0 |a rus 
102 |a RU 
105 |a y dm 000zy 
200 1 |a Исследование кинетики процессов электрорастворения металлов со стационарных электродов ограниченного объема, осложненных особенностями состояния металла в глубине и на поверхности электрода  |e автореферат диссертации на соискание ученой степени кандидата химических наук  |e спец. 02.00.04  |f В. А. Згадова  |g Томский государственный университет (ТГУ) ; науч. рук. А. Г. Стромберг 
210 |a Томск  |c [Б. и.]  |d 1978 
215 |a 18 с. 
300 |a Защита сост. 2.02.1979 г. 
320 |a Библиогр.: с. 18 (6 назв.) 
606 1 |a Электрохимическое растворение  |2 stltpush  |3 (RuTPU)RU\TPU\subj\76901  |9 87668 
610 1 |a электрохимия 
610 1 |a электрорастворение 
610 1 |a металлы 
610 1 |a микроэлектроды 
610 1 |a электродные процессы 
610 1 |a вольтамперные методы 
610 1 |a амальгамы 
610 1 |a кинетика 
610 1 |a потенциостатические методы 
610 1 |a авторефераты диссертаций 
610 1 |a библиотека А. Г. Стромберга 
675 |a 544.65(04)  |v 4 
686 |a 02.00.04  |2 oksvnk 
700 1 |a Згадова  |b В. А.  |g Валентина Александровна 
702 1 |a Стромберг  |b А. Г.  |c химик, специалист в области классической полярографии и инверсионной вольтамперометрии  |c профессор Томского политехнического института  |f 1910-2004  |g Армин Генрихович  |3 (RuTPU)RU\TPU\pers\11188  |4 727  |9 2478 
712 0 2 |a Томский государственный университет  |c 1917-2009  |7 ca  |8 rus  |3 (RuTPU)RU\TPU\col\397  |9 23396 
801 1 |a RU  |b 63413507  |c 20171011 
801 2 |a RU  |b 63413507  |c 20180131  |g RCR 
942 |c BK